UM Logo

An introduction to numerical methods and analysis/ . (Record no. 4619)

MARC details
000 -LEADER
fixed length control field 00574nam a2200181 4500
005 - DATE AND TIME OF LATEST TRANSACTION
control field 20241017062519.0
008 - FIXED-LENGTH DATA ELEMENTS--GENERAL INFORMATION
fixed length control field 160917b xxu||||| |||| 00| 0 eng d
020 ## - INTERNATIONAL STANDARD BOOK NUMBER
International Standard Book Number 9-97151419-2
082 ## - DEWEY DECIMAL CLASSIFICATION NUMBER
Edition number 2002
Classification number DC 519.4
Item number Ep7i
100 ## - MAIN ENTRY--PERSONAL NAME
9 (RLIN) 14761
Personal name Epperson, James F.
245 ## - TITLE STATEMENT
Title An introduction to numerical methods and analysis/ .
Statement of responsibility, etc. James F. Epperson.
260 ## - PUBLICATION, DISTRIBUTION, ETC. (IMPRINT)
Place of publication, distribution, etc. New York:
Name of publisher, distributor, etc. John Wiley & Sons,
Date of publication, distribution, etc. c2002.
300 ## - PHYSICAL DESCRIPTION
Extent xv, 556 pages:
Other physical details illustrations;
Dimensions 24 cm.
500 ## - GENERAL NOTE
General note Includes index.<br/>
650 #0 - SUBJECT ADDED ENTRY--TOPICAL TERM
Topical term or geographic name as entry element Numerical analysis.
9 (RLIN) 14764
365 ## - TRADE PRICE
Price amount 395.00
Currency code Php
942 ## - ADDED ENTRY ELEMENTS (KOHA)
Source of classification or shelving scheme Dewey Decimal Classification
Koha item type Circulation
Holdings
Withdrawn status Lost status Source of classification or shelving scheme Damaged status Not for loan Collection code Home library Current library Date acquired Source of acquisition Total Checkouts Full call number Barcode Date last seen Copy number Price effective from Koha item type
    Dewey Decimal Classification     Circulation UM Digos College - LIC UM Digos College - LIC 09/28/2006 Purchased   DC 519.4 Ep7i 2002 18762 05/15/2025 1 09/17/2016 Circulation
    Dewey Decimal Classification     Circulation UM Digos College - LIC UM Digos College - LIC 09/28/2006 Purchased   DC 519.4 Ep7i 2002 18763 05/15/2025 2 09/17/2016 Circulation